<?xml version="1.0" encoding="UTF-8"?>
<record
    xmlns:xsi="http://www.w3.org/2001/XMLSchema-instance"
    xsi:schemaLocation="http://www.loc.gov/MARC21/slim http://www.loc.gov/standards/marcxml/schema/MARC21slim.xsd"
    xmlns="http://www.loc.gov/MARC21/slim">

  <leader>02096    a2200253   4500</leader>
  <controlfield tag="003">NALT</controlfield>
  <controlfield tag="005">20250818221646.0</controlfield>
  <controlfield tag="008">250404b        th ||||| |||| 00| 0 tha d</controlfield>
  <datafield tag="040" ind1=" " ind2=" ">
    <subfield code="a">NALT</subfield>
  </datafield>
  <datafield tag="100" ind1="0" ind2=" ">
    <subfield code="a">&#xE1B;&#xE13;&#xE34;&#xE18;&#xE32;&#xE19; &#xE2A;&#xE38;&#xE27;&#xE23;&#xE23;&#xE13;&#xE42;&#xE23;&#xE08;&#xE19;&#xE4C;.</subfield>
    <subfield code="9">61892</subfield>
  </datafield>
  <datafield tag="245" ind1="1" ind2="0">
    <subfield code="a">&#xE2A;&#xE23;&#xE38;&#xE1B;&#xE01;&#xE0E;&#xE2B;&#xE21;&#xE32;&#xE22; &#xE27;&#xE34;.&#xE41;&#xE1E;&#xE48;&#xE07; &#xE20;&#xE32;&#xE04; 4 &#xE40;&#xE25;&#xE48;&#xE21; 2 :</subfield>
    <subfield code="b">&#xE01;&#xE32;&#xE23;&#xE1A;&#xE31;&#xE07;&#xE04;&#xE31;&#xE1A;&#xE04;&#xE14;&#xE35;&#xE17;&#xE35;&#xE48;&#xE40;&#xE1B;&#xE47;&#xE19;&#xE2B;&#xE19;&#xE35;&#xE49;&#xE40;&#xE07;&#xE34;&#xE19; &#xE01;&#xE32;&#xE23;&#xE1A;&#xE31;&#xE07;&#xE04;&#xE31;&#xE1A;&#xE04;&#xE14;&#xE35;&#xE17;&#xE35;&#xE48;&#xE44;&#xE21;&#xE48;&#xE43;&#xE0A;&#xE48;&#xE2B;&#xE19;&#xE35;&#xE49;&#xE40;&#xE07;&#xE34;&#xE19; /</subfield>
    <subfield code="c">&#xE1B;&#xE13;&#xE34;&#xE18;&#xE32;&#xE19; &#xE2A;&#xE38;&#xE27;&#xE23;&#xE23;&#xE13;&#xE42;&#xE23;&#xE08;&#xE19;&#xE4C;.</subfield>
    <subfield code="h">[electronic resource]</subfield>
  </datafield>
  <datafield tag="260" ind1=" " ind2=" ">
    <subfield code="a">&#xE21;.&#xE1B;.&#xE17;. : </subfield>
    <subfield code="b">Deedee e-book, </subfield>
    <subfield code="c">&#xE21;.&#xE1B;.&#xE1B;.</subfield>
  </datafield>
  <datafield tag="300" ind1=" " ind2=" ">
    <subfield code="a">Online resource</subfield>
  </datafield>
  <datafield tag="520" ind1=" " ind2=" ">
    <subfield code="a">&#xE2A;&#xE23;&#xE38;&#xE1B;&#xE01;&#xE0E;&#xE2B;&#xE21;&#xE32;&#xE22;&#xE27;&#xE34;&#xE18;&#xE35;&#xE1E;&#xE34;&#xE08;&#xE32;&#xE23;&#xE13;&#xE32;&#xE04;&#xE27;&#xE32;&#xE21;&#xE41;&#xE1E;&#xE48;&#xE07; &#xE20;&#xE32;&#xE04; 4 &#xE40;&#xE25;&#xE48;&#xE21; 2 (&#xE01;&#xE32;&#xE23;&#xE1A;&#xE31;&#xE07;&#xE04;&#xE31;&#xE1A;&#xE04;&#xE14;&#xE35;&#xE17;&#xE35;&#xE48;&#xE40;&#xE1B;&#xE47;&#xE19;&#xE2B;&#xE19;&#xE35;&#xE49;&#xE40;&#xE07;&#xE34;&#xE19;, &#xE01;&#xE32;&#xE23;&#xE1A;&#xE31;&#xE07;&#xE04;&#xE31;&#xE1A;&#xE04;&#xE14;&#xE35;&#xE17;&#xE35;&#xE48;&#xE44;&#xE21;&#xE48;&#xE43;&#xE0A;&#xE48;&#xE2B;&#xE19;&#xE35;&#xE49;&#xE40;&#xE07;&#xE34;&#xE19;) &#xE42;&#xE14;&#xE22;&#xE43;&#xE0A;&#xE49;&#xE20;&#xE32;&#xE29;&#xE32;&#xE17;&#xE35;&#xE48;&#xE01;&#xE23;&#xE30;&#xE0A;&#xE31;&#xE1A; &#xE40;&#xE02;&#xE49;&#xE32;&#xE43;&#xE08;&#xE07;&#xE48;&#xE32;&#xE22; &#xE21;&#xE35; infographic &#xE41;&#xE25;&#xE30; flowchart &#xE1B;&#xE23;&#xE30;&#xE01;&#xE2D;&#xE1A;&#xE01;&#xE32;&#xE23;&#xE17;&#xE33;&#xE04;&#xE27;&#xE32;&#xE21;&#xE40;&#xE02;&#xE49;&#xE32;&#xE43;&#xE08; &#xE40;&#xE19;&#xE37;&#xE49;&#xE2D;&#xE2B;&#xE32;&#xE04;&#xE23;&#xE2D;&#xE1A;&#xE04;&#xE25;&#xE38;&#xE21;&#xE40;&#xE23;&#xE37;&#xE48;&#xE2D;&#xE07;&#xE01;&#xE32;&#xE23;&#xE1A;&#xE31;&#xE07;&#xE04;&#xE31;&#xE1A;&#xE04;&#xE14;&#xE35;&#xE17;&#xE35;&#xE48;&#xE40;&#xE1B;&#xE47;&#xE19;&#xE2B;&#xE19;&#xE35;&#xE49;&#xE40;&#xE07;&#xE34;&#xE19; &#xE41;&#xE25;&#xE30;&#xE01;&#xE32;&#xE23;&#xE1A;&#xE31;&#xE07;&#xE04;&#xE31;&#xE1A;&#xE04;&#xE14;&#xE35;&#xE17;&#xE35;&#xE48;&#xE44;&#xE21;&#xE48;&#xE43;&#xE0A;&#xE48;&#xE2B;&#xE19;&#xE35;&#xE49;&#xE40;&#xE07;&#xE34;&#xE19;.</subfield>
  </datafield>
  <datafield tag="650" ind1=" " ind2="4">
    <subfield code="a">&#xE01;&#xE32;&#xE23;&#xE1A;&#xE31;&#xE07;&#xE04;&#xE31;&#xE1A;&#xE04;&#xE14;&#xE35;</subfield>
    <subfield code="9">30864</subfield>
  </datafield>
  <datafield tag="650" ind1=" " ind2="4">
    <subfield code="a">&#xE01;&#xE32;&#xE23;&#xE1A;&#xE31;&#xE07;&#xE04;&#xE31;&#xE1A;&#xE04;&#xE14;&#xE35;</subfield>
    <subfield code="x">&#xE17;&#xE23;&#xE31;&#xE1E;&#xE22;&#xE4C;&#xE2A;&#xE34;&#xE19;</subfield>
    <subfield code="9">65652</subfield>
  </datafield>
  <datafield tag="650" ind1=" " ind2="4">
    <subfield code="a">&#xE01;&#xE32;&#xE23;&#xE02;&#xE32;&#xE22;&#xE17;&#xE2D;&#xE14;&#xE15;&#xE25;&#xE32;&#xE14;</subfield>
    <subfield code="x">&#xE01;&#xE0E;&#xE2B;&#xE21;&#xE32;&#xE22;&#xE41;&#xE25;&#xE30;&#xE23;&#xE30;&#xE40;&#xE1A;&#xE35;&#xE22;&#xE1A;&#xE02;&#xE49;&#xE2D;&#xE1A;&#xE31;&#xE07;&#xE04;&#xE31;&#xE1A;</subfield>
    <subfield code="9">64054</subfield>
  </datafield>
  <datafield tag="650" ind1=" " ind2="4">
    <subfield code="a">&#xE01;&#xE32;&#xE23;&#xE22;&#xE36;&#xE14;&#xE17;&#xE23;&#xE31;&#xE1E;&#xE22;&#xE4C;</subfield>
    <subfield code="9">65653</subfield>
  </datafield>
  <datafield tag="650" ind1=" " ind2="4">
    <subfield code="a">&#xE01;&#xE32;&#xE23;&#xE2D;&#xE32;&#xE22;&#xE31;&#xE14;&#xE17;&#xE23;&#xE31;&#xE1E;&#xE22;&#xE4C;&#xE2A;&#xE34;&#xE19;</subfield>
    <subfield code="9">65654</subfield>
  </datafield>
  <datafield tag="856" ind1="4" ind2="0">
    <subfield code="u">https://ebook.parliament.go.th/ebookall/detail/435607</subfield>
    <subfield code="z">E-Book</subfield>
  </datafield>
  <datafield tag="942" ind1=" " ind2=" ">
    <subfield code="c">EBK</subfield>
    <subfield code="2">lcc</subfield>
  </datafield>
  <datafield tag="996" ind1=" " ind2=" ">
    <subfield code="a">jamriang.p</subfield>
    <subfield code="b">CATSTF	</subfield>
    <subfield code="c">2025-04-04</subfield>
  </datafield>
  <datafield tag="999" ind1=" " ind2=" ">
    <subfield code="c">105812</subfield>
    <subfield code="d">105812</subfield>
  </datafield>
  <datafield tag="998" ind1=" " ind2=" ">
    <subfield code="j">25</subfield>
    <subfield code="k"> &#xE19;&#xE35;&#xE25;&#xE27;&#xE31;&#xE2A;&#xE19;&#xE4C; &#xE2D;&#xE34;&#xE19;&#xE17;&#xE23;&#xE31;&#xE01;&#xE29;&#xE32;</subfield>
  </datafield>
  <datafield tag="952" ind1=" " ind2=" ">
    <subfield code="0">0</subfield>
    <subfield code="1">0</subfield>
    <subfield code="2">lcc</subfield>
    <subfield code="4">0</subfield>
    <subfield code="7">0</subfield>
    <subfield code="8">CERS</subfield>
    <subfield code="a">NALT</subfield>
    <subfield code="b">NALT</subfield>
    <subfield code="c">ONLINE</subfield>
    <subfield code="d">2024-09-24</subfield>
    <subfield code="e">191</subfield>
    <subfield code="r">2024-09-24 00:00:00</subfield>
    <subfield code="t">1</subfield>
    <subfield code="y">EBK</subfield>
  </datafield>
</record>
